Proposición para la introducción del cono dinámico como prueba complementaria al ensayo de penetración estandar
Uloženo v:
| Hlavní autor: | |
|---|---|
| Médium: | Kniha |
| Vydáno: |
[San José , Costa Rica]
1986
|
| Témata: | |
| Tagy: |
Přidat tag
Žádné tagy, Buďte první, kdo vytvoří štítek k tomuto záznamu!
|
MARC
| LEADER | 00000nam a2200000Ia 4500 | ||
|---|---|---|---|
| 003 | 004070 | ||
| 005 | 20221231144354.0 | ||
| 008 | 140114s1986 cr a m 000 ||s d | ||
| 040 | |c cru CEDI | ||
| 090 | |a TFG 1849 | ||
| 100 | |a Prada P., Ignacio |9 14103 | ||
| 245 | |a Proposición para la introducción del cono dinámico como prueba complementaria al ensayo de penetración estandar | ||
| 260 | |c 1986 |a [San José , Costa Rica] | ||
| 300 | |a [126] hojas : ilustraciones ; 27 cm | ||
| 500 | |a Tesis (licenciatura en ingeniería civil)--Universidad de Costa Rica. Facultad de Ingeniería. Escuela de Ingeniería Civil | ||
| 650 | |x MECANICA DE SUELOS |9 14104 | ||
| 942 | |c TFG | ||
| 999 | |c 20879 |d 20879 | ||
